Egyptian Gods to Animals - Picture Quiz - Statistics

General Stats
  • This quiz has been taken 120 times
  • The average score is 12 of 20
Answer Stats
Picture Hint Answer % Correct
Anubis Jackal
92%
Bastet Cat
90%
Heqet Frog
87%
Sobek Crocodile
84%
Ra Falcon
78%
Hatmehit Fish
75%
Sekhmet Lioness
65%
Renenutet Snake
64%
Taweret Hippopotamus
63%
Khepri Scarab
63%
Nekhbet Vulture
59%
Thoth Ibis
58%
Hathor Cow
55%
Babi Baboon
54%
Mafdet Cheetah
54%
Serket Scorpion
47%
Bennu Heron
36%
Khnum Ram
31%
Set Donkey
25%
Satis Antelope
14%
No matching quizzes found
Score Distribution
Percent of People with Each Score
Percentile by Number Answered
Your Score History
You have not taken this quiz